| 000 | 01657nam a2200361 c 4500 | ||
|---|---|---|---|
| 003 | BLK | ||
| 005 | 20180420220204.0 | ||
| 008 | 180407b bul|||||r ||||||| ||bul|| | ||
| 010 | _aKNG00030524000 | ||
| 020 |
_a954-9926-31-1 _bиздат.: Планета 3 |
||
| 040 | _aBLK | ||
| 041 |
_aBUL _cBUL |
||
| 080 |
_aИкономическо положение. Икономическа политика. Управление. Планиране. Производство. Услуги. Цени _b338 _x.242(497.2) _z338.242(497.2) |
||
| 080 |
_aИкономическо положение. Икономическа политика. Управление. Планиране. Производство. Услуги. Цени _b338 _x(4) _z338(4) |
||
| 100 | 1 |
_aБеров, Любен _eпърви автор _9269498 |
|
| 139 |
_aБеров, Любен _bБ 40 |
||
| 245 | 1 | 0 |
_aИкономиката на България и бившите социалистически страни _bДесетилетие по-късно 1989-1999 _cЛюбен Беров. |
| 257 | _aBGR | ||
| 260 |
_аСофия _bПланета 3 _c1999 _fСофия : Д. Благоев |
||
| 300 |
_a214 с. _c21 см |
||
| 380 | _a3 | ||
| 500 | _aДеп. списък: депозит сп.4 | ||
| 650 | 4 |
_aПазарно стопанство - България _9260671 |
|
| 650 | 4 |
_aПазарно стопанство _9265868 |
|
| 653 | _aБългария | ||
| 653 | _aИзточна Европа | ||
| 653 | _aикономика | ||
| 852 | _aЦб 203394 | ||
| 856 | 4 |
_qpdf _u |
|
| 856 | 4 |
_qpdf _u |
|
| 942 |
_cKNG _n0 |
||
| 944 |
_aCR _c15.01.2003 _kГеновева_Генчева |
||
| 944 |
_aED _c19.07.2007 _k |
||
| 999 |
_c27937 _d27937 |
||